000 00723nam a2200253Ia 4500
003 OSt
005 20221006153447.0
006 a|||||r|||| 00| 0
007 ta
008 221006b |||||||| |||| 00| 0 eng d
020 _a9860052077
024 _a32,395
037 _bGift, Republic of China
_cTextual
040 _aEASL
_cEASL
_beng
041 _2eng
_aeng
082 _aV4295y7N44, P6
100 _aLu Hsiu-lien Au.
_9664082
245 0 _aSoft power
_b Vision for a new era
260 _aTaiwan
_bOffice of the President ROC
_c2006
300 _a152p.
_ccm.
490 _v CEL
942 _hV4295y7N44, P6
_cTEXL
_2CC
999 _c1100481
_d1100481